Comment évolue la population des départements ? 2 - Statistiques

Statistiques générales
  • Ce quiz a été pris 8 fois
  • Le résultat moyen est 9 sur 51
Statistiques - réponses
Hint Explanation Réponse % Correct
Mayenne 253 000 / 306 500 Augmenté de 10.1 à 25 %
57%
Lot-et-Garonne 290 500 / 331 000 Augmenté de 10.1 à 25 %
57%
Ardennes 309 500 / 270 000 Diminué de 10.1 à 25 %
57%
Deux-Sèvres 326 000 / 374 500 Augmenté de 10.1 à 25 %
43%
Charente-Maritime 483 500 / 656 000 Augmenté de 25.1 à 50 %
43%
Meurthe-et-Moselle 705 500 / 732 500 Augmenté de 0.1 à 10 %
29%
Puy-de-Dôme 548 000 / 662 000 Augmenté de 10.1 à 25 %
29%
Yonne 283 500 / 334 000 Augmenté de 10.1 à 25 %
29%
Jura 233 500 / 259 000 Augmenté de 10.1 à 25 %
29%
Aube 270 500 / 311 500 Augmenté de 10.1 à 25 %
29%
Rhône 1 326 000 / 1 883 500 Augmenté de 25.1 à 50 %
29%
Tarn-et-Garonne 183 500 / 262 500 Augmenté de 25.1 à 50 %
29%
Calvados 519 000 / 697 500 Augmenté de 25.1 à 50 %
29%
Vendée 421 000 / 693 000 Augmenté de 50.1 à 75%
29%
Ain 339 500 / 658 000 Augmenté de 75.1 à 100%
29%
Vosges 388 000 / 362 500 Diminué de 0.1 à 10 %
29%
Moselle 971 500 / 1 049 000 Augmenté de 0.1 à 10 %
14%
Haute-Vienne 341 500 / 372 000 Augmenté de 0.1 à 10 %
14%
Finistère 769 000 / 917 000 Augmenté de 10.1 à 25 %
14%
Loir-et-Cher 268 000 / 329 000 Augmenté de 10.1 à 25 %
14%
Dordogne 374 000 / 413 000 Augmenté de 10.1 à 25 %
14%
Tarn 332 000 / 391 000 Augmenté de 10.1 à 25 %
14%
Maine-et-Loire 585 000 / 821 000 Augmenté de 25.1 à 50 %
14%
Indre-et-Loire 438 000 / 612 000 Augmenté de 25.1 à 50 %
14%
Ardèche 257 000 / 329 500 Augmenté de 25.1 à 50 %
14%
Bas-Rhin 827 500 / 1 148 000 Augmenté de 25.1 à 50 %
14%
Haut-Rhin 585 000 / 768 000 Augmenté de 25.1 à 50 %
14%
Aude 278 500 / 375 000 Augmenté de 25.1 à 50 %
14%
Morbihan 540 500 / 764 000 Augmenté de 25.1 à 50 %
14%
Gard 478 500 / 751 500 Augmenté de 50.1 à 75%
14%
Landes 277 500 / 418 000 Augmenté de 50.1 à 75%
14%
Oise 541 000 / 830 000 Augmenté de 50.1 à 75%
14%
Loiret 431 000 / 682 500 Augmenté de 50.1 à 75%
14%
Val-d'Oise 693 000 / 1 252 000 Augmenté de 75.1 à 100%
14%
Hérault 591 500 / 1 189 000 Augmenté de + de 100%
14%
Haute-Savoie 378 500 / 835 000 Augmenté de + de 100%
14%
Allier 386 500 / 335 500 Diminué de 10.1 à 25 %
14%
Martinique 320 000 / 351 000 Augmenté de 0.1 à 10 %
0%
Charente 331 000 / 362 000 Augmenté de 0.1 à 10 %
0%
Loire 722 500 / 768 500 Augmenté de 0.1 à 10 %
0%
Seine-Maritime 1 114 000 / 1 255 000 Augmenté de 10.1 à 25 %
0%
Guadeloupe 305 500 / 383 500 Augmenté de 25.1 à 50 %
0%
Pyrénées-Atlantiques 509 000 / 687 000 Augmenté de 25.1 à 50 %
0%
Ille-et-Vilaine 652 500 / 1 089 000 Augmenté de 50.1 à 75%
0%
Alpes-Maritimes 722 000 / 1 097 500 Augmenté de 50.1 à 75%
0%
Var 556 000 / 1 085 000 Augmenté de 75.1 à 100%
0%
Guyane 44 500 / 285 000 Augmenté de + de 100%
0%
Réunion 416 500 / 863 000 Augmenté de + de 100%
0%
Aveyron 281 500 / 279 500 Diminué de 0.1 à 10 %
0%
Orne 288 500 / 278 500 Diminué de 0.1 à 10 %
0%
Cher 304 500 / 301 000 Diminué de 0.1 à 10 %
0%
Aucun quiz correspondant
Distribution des résultats
% des personnes avec chaque résultat
Percentile par nombre de réponses
Votre historique - résultats
Vous n’avez pas pris ce quiz